NFL Draft 2025 Round 1 - Statistics

General Stats
  • This quiz has been taken 48 times
  • The average score is 19 of 32
Answer Stats
Pick Team Position School Player % Correct
1 Tennessee Titans QB Miami Cam Ward
100%
2 (Via CLE) Jacksonville Jaguars CB / WR Colorado Travis Hunter
97%
6 Las Vegas Raiders RB Boise State Ashton Jeanty
92%
3 New York Giants EDGE Penn State Abdul Carter
89%
5 (Via JAX) Cleveland Browns DT Michigan Mason Graham
86%
25 (Via HOU) New York Giants QB Ole Miss Jaxson Dart
83%
8 Carolina Panthers WR Arizona Tetairoa McMillan
83%
10 Chicago Bears TE Michigan Colston Loveland
78%
4 New England Patriots OT LSU Will Campbell
78%
31 (Via KC) Philadelphia Eagles LB Alabama Jihaad Campbell
75%
14 Indianapolis Colts TE Penn State Tyler Warren
75%
19 Tampa Bay Buccaneers WR Ohio State Emeka Egbuka
69%
23 Green Bay Packers WR Texas Matthew Golden
69%
15 Atlanta Falcons LB Georgia Jalen Walker
61%
11 San Francisco 49ers EDGE Georgia Mykel Williams
58%
22 Los Angeles Chargers RB North Carolina Omarion Hampton
58%
28 Detroit Lions DT Ohio State Tyleik Williams
58%
7 New York Jets OT Missouri Armand Membou
56%
17 Cincinnati Bengals EDGE Texas A&M Shemar Stewart
53%
26 (Via LAR) Atlanta Falcons EDGE Tennessee James Pearce Jr
50%
12 Dallas Cowboys G Alabama Tyler Booker
50%
18 Seattle Seahawks G North Dakota State Grey Zabel
47%
9 New Orleans Saints OT Texas Kelvin Banks Jr
47%
27 Baltimore Ravens S Georgia Malakai Starks
42%
21 Pittsburgh Steelers DT Oregon Derrick Harmon
39%
20 Denver Broncos CB Texas Jahdae Barron
39%
13 Miami Dolphins DT Michigan Kenneth Grant
36%
30 Buffalo Bills CB Kentucky Maxwell Hairston
33%
16 Arizona Cardinals DT Ole Miss Walter Nolen
33%
29 Washington Commanders OT Oregon Josh Conerly Jr
28%
32 (Via PHI) Kansas City Chiefs OT Ohio State Josh Simmons
28%
24 Minnesota Vikings G Ohio State Donovan Jackson
25%
No matching quizzes found
Score Distribution
Percent of People with Each Score
Percentile by Number Answered
Your Score History
You have not taken this quiz